Financial development, growth, and the distribution of income.
Určenie rýchlosti ekonomického rastu. Model finančných štruktúr. Vzájomné relácie medzi ekonomickým rastom a rozdeľovaním príjmov z pohľadu rôznych ekonómov. Problematika koordinácie individuálnych podnikateľských výrobných plánov. Uzatváranie obchodných dohôd. Fungovanie trhových mechanizmov.
Gespeichert in:
| 1. Verfasser: | |
|---|---|
| Weitere Verfasser: | |
| Format: | Buchkapitel |
| Sprache: | Englisch |
| Schlagworte: | |
| Tags: |
Keine Tags, Fügen Sie das erste Tag hinzu!
|
MARC
| LEADER | 00000naa a2200000 4500 | ||
|---|---|---|---|
| 001 | r007607 | ||
| 005 | 20220819193944.9 | ||
| 041 | 0 | |a eng | |
| 044 | |a GB | ||
| 245 | 1 | 0 | |a Financial development, growth, and the distribution of income. |c J. Greenwood, B. Jovanovic |
| 520 | |a Určenie rýchlosti ekonomického rastu. Model finančných štruktúr. Vzájomné relácie medzi ekonomickým rastom a rozdeľovaním príjmov z pohľadu rôznych ekonómov. Problematika koordinácie individuálnych podnikateľských výrobných plánov. Uzatváranie obchodných dohôd. Fungovanie trhových mechanizmov. | ||
| 610 | 2 | 0 | |a financie |
| 610 | 2 | 0 | |a rast hospodársky |
| 610 | 2 | 0 | |a príjmy |
| 610 | 2 | 0 | |a rozdeľovanie |
| 610 | 2 | 0 | |a plán výrobný |
| 610 | 2 | 0 | |a koordinácia |
| 610 | 2 | 0 | |a dohody obchodné |
| 610 | 2 | 0 | |a mechanizmus trhový |
| 100 | 1 | |a Greenwood, J. | |
| 700 | 1 | |a Jovanovic, B. | |